000 00946cam a2200277 a 4500
001 492
005 20240430102557.0
020 _a0670058874
040 _aDLC
_cDLC
_dDLC
_beng
050 0 0 _aPZ7.M26573
_bYak 2004
082 0 0 _a813.6
_222
100 0 _aCiccone, Madonna Louise
_d1958-
245 1 0 _aYakov and the seven thieves /
_cby Madonna ; art by Gennady Spirin.
250 _a1st ed.
260 _aNew York :
_bCallaway,
_c2004.
300 _a30 pages, 2 leaves of plates :
_bcolor illustrations.
_c26 cm.
505 _aO
520 _aWhen Yakov, the cobbler's son lies dying, it is the thieves, pickpockets, and criminals of the village whose prayers are heard, causing the boy to be healed.
521 _a850
_bLexile AD
521 _aO
_bRaz-Plus
650 1 _aPrayer
_vFiction.
650 1 _aCriminals
_vFiction.
700 1 _aSpirin, Gennady,
_eill.
906 _a7
_bcbc
_corignew
_d1
_eecip
_f20
_gy-gencatlg
942 _2ddc
_cBK
_n0
999 _c492
_d492